• 首页
  • 本馆介绍
  • 公告通知
  • 最新文献
  • 馆藏检索
  • 电子资源
  • 读者导购
  • 参考咨询
  • 我的图书馆
  • 登录
  • 详细信息显示
  • 放入我的书架
  • 预约/预借图书
  • 作者相关作品
  • 分类相关作品
  • 丛书相关作品
  • 出版社相关作品

书目信息

  • 表格格式
  • 工作单格式
  • 卡片格式
题名:
地图学实习
    
 
作者: 王建序 编
分册:  
出版信息: 北京   高等教育出版社  1989.3
页数: 132页
开本: 26厘米
丛书名:
单 册:
中图分类: P28
科图分类: 56.19
主题词: 地图学--实习--高等学校--教材
电子资源:
ISBN: 7-04-001154-9
000 00847nam0 2200265 45
001 0189000863
005 20070613161635.25
010    @a7-04-001154-9@dCNY3.40
020    @aCN@b89000863
100    @a19900806d1989 m y0chiy0120 ea
101 0  @achi
102    @aCN@b110000
105    @ay j 000yy
200 10 @a地图学实习@Adi tu xue shi xi@f王建序编@Fwang jian xu bian
210    @a北京@c高等教育出版社@d1989.3@h1994
215    @a132页@d26厘米
300    @a高等学校试用教材
330    @a本书内容包括制图基本功训练,地形图测制及应用,航空象片的应用,地图投影,地图表示法,地图编制,课外作业及附录七部分。
540 1  @a地图学 实习@Adi tu xue shi xi
606    @a地图学@x实习@x高等学校@x教材
690    @aP28@v1980
692    @a56.19@v1974
701  0 @a王建序@Awang jian xu@4编
801  0 @aCN@bTSSF@c20070613
905    @a10447@dP28@e148
    
    地图学实习/王建序编.-北京:高等教育出版社,1989.3(1994)
    132页;26厘米
    高等学校试用教材
    
    ISBN 7-04-001154-9:CNY3.40
    本书内容包括制图基本功训练,地形图测制及应用,航空象片的应用,地图投影,地图表示法,地图编制,课外作业及附录七部分。
●
相关链接 在E读中查询图书 在五车中查询图书 在当当中查询图书 在豆瓣中查询图书


正题名:地图学实习     索取号:P28/148         预约/预借

序号 登录号 条形码 馆藏地/架位号 状态 备注
1 0643391   206433910   库房3/ [索取号:P28/148] 在馆    
2 0643392   206433929   库房3/ [索取号:P28/148] 在馆    
3 0643393   206433938   库房3/ [索取号:P28/148] 在馆    
4 0643394   206433947   库房3/ [索取号:P28/148] 在馆    
5 0643395   206433956   库房3/ [索取号:P28/148] 在馆    
6 0643396   206433965   库房3/ [索取号:P28/148] 在馆    
7 0643397   206433974   库房3/ [索取号:P28/148] 在馆    
8 0643398   206433983   库房3/ [索取号:P28/148] 在馆    
9 0643399   206433992   库房3/ [索取号:P28/148] 在馆    
10 0643400   206434009   库房3/ [索取号:P28/148] 在馆    
唐山师范学院图书馆 欢迎您!
大连网信软件有限公司© 版权所有